| 000 | 00442ntaaa2200181 4500 | ||
|---|---|---|---|
| 003 | 01 | ||
| 005 | 20251027202739.0 | ||
| 008 | 0714s1973 ag 01 | ||
| 040 |
_aAR-BaBN _bspa _cAR-BaBN _eaacr _dRIC |
||
| 082 | _a745.5100 H77t | ||
| 100 |
_aHoppe, H _927491 |
||
| 245 | _aTallado en madera | ||
| 250 | _a1 ed. | ||
| 260 |
_aBuenos Aires : _bEditorial Kapelusz, _cc1972 |
||
| 300 | _a72 p | ||
| 650 |
_atrabajos manuales _917557 |
||
| 942 | _cBK | ||
| 999 |
_c22717 _d22717 |
||